000 00632nam a2200205Ia 4500
008 191130s2003##################000#0#eng##
020 _a130092215
022 _a2003050441
040 _aACL
_cACL
082 _a006.7 GRA
100 _aGratton, Dean A
245 _aBluetooth profiles : the definitive guide
_cDean A. Gratton
260 _aUpper Saddle River, NJ
_bPrentice Hall
_cc2003
300 _axx, 569 p. : ill. ; 24 cm.
500 _aIncludes bibliographical references (p. 547-549) and index
650 _aBluetooth technology
990 _ada7fddf0ac10000c1e86c4ef14564652
991 _a369116
999 _c117976
_d117976